000 00393nam a2200169Ia 4500
005 20250423100243.0
008 250422s9999 xx 000 0 und d
020 _a0-7169-2380-8
050 _aQH 581.2 .M655/
245 0 _aMolecular cell biology
250 _a3rd ed.
260 _aNew York
260 _bScientific American Books
260 _c1995
650 _aBiology
942 _cBK
999 _c32746
_d32746